Об освобождении тов. Кагановича от работ в составе редакции журнала "Советское строительство"

Доступно только в Электронных читальных залах Найти на картеНа карте
RUSMARC
00003943nac2a22002773x 450
001055e3b6f-8c3e-4739-acdf-6c2d81d0e825
00520230630232543.0
100##$a20230605l19291929k y0rusy50 ca
1010#$arus
102##$aRU
105##$ay z |||||
1222#$ad19290913
$ad19290914
2001#$aОб освобождении тов. Кагановича от работ в составе редакции журнала "Советское строительство"
$j13.09.1929 - 14.09.1929
215##$a2 листа
$d38,3 х 25,7
251##$cДело
300##$aВ деле обратная нумерация
300##$aМашинописный и рукописный текст
324##$aВ деле имеются копии отдельных документов
461#0$1001796d4672-8a00-4986-b488-6e42273792cc
$12001
$aЦЕНТРАЛЬНЫЙ ИСПОЛНИТЕЛЬНЫЙ КОМИТЕТ СССР (ЦИК СССР).
$1251
$cФонд
$1852
$gР
$j3316
462#0$10016e6e8ba4-e15f-4ad4-8937-f1e88c150bfe
$12001
$aДела Секретариата Президиума ЦИК Союза ССР. 1929 г.
$vД. 350
$1251
$cОпись
$1852
$j22
600#1$aКаганович
60101$3RU\NLR\AUTH\880357276
$aСССР
$bЦИК
60102$a"Советское строительство", журнал
801#0$aRU
$bGA_RF
801#1$aRU
$bГлавНИВЦ
$c20230605
$2rusmarc
801#2$aRU
$bПБ им. Б.Н. Ельцина
$c20230630
$gRCR
$2rusmarc
852##$aГА РФ
$j350
937##$d185909449
$hГАРФ
035##$aRuPRLIB51072243
856##$uhttp://readingroom.main.prlib.ru/item.aspx?id_node=n185909449&mode=full
Формат отображения